| 000 | 00790nam a2200229 a 4500 | ||
|---|---|---|---|
| 001 | 39632 | ||
| 003 | BD-RjUL | ||
| 005 | 20211209053030.0 | ||
| 008 | 160413s2015 bg ||||| |||| 00| 0 ben d | ||
| 035 | _a(BD-RjUL)39745 | ||
| 040 |
_aBD-RjUL _bben _cBD-RjUL |
||
| 041 | _aben | ||
| 082 |
_223 _a297 _bSAT 2015 |
||
| 245 | 0 | 0 |
_aসত্যানুসন্ধান / _cসম্পাদনায় মো. হামিদুল হক |
| 250 | _a২য় সং. | ||
| 260 |
_aরাজশাহী : _bমো. আব্দুল কাদের, _c২০১৫ |
||
| 300 |
_a৯৬ পৃ. _c২২ সেমি. |
||
| 650 |
_aইসলাম _9122039 |
||
| 650 |
_aIslam _9122041 |
||
| 700 |
_aহক, মো. হামিদুল, সম্পাদক _9122042 |
||
| 942 |
_2ddc _cBK |
||
| 999 |
_c39632 _d39632 |
||